Teatro e polemiche (2 volumi) (Record n. 76479)
[ formato base ]
| 000 -LEADER | |
|---|---|
| fixed length control field | 01292nam a2200325Ia 4500 |
| 001 - CONTROL NUMBER | |
| control field | 15882 |
| 003 - CONTROL NUMBER IDENTIFIER | |
| control field | IT-RoPAU |
| 008 - FIXED-LENGTH DATA ELEMENTS--GENERAL INFORMATION | |
| fixed length control field | 130308s9999 xx 000 0 und d |
| 040 ## - CATALOGING SOURCE | |
| Original cataloging agency | IT-RoPAU |
| 040 ## - CATALOGING SOURCE | |
| Transcribing agency | IT-RoPAU |
| 041 ## - LANGUAGE CODE | |
| Language code of text/sound track or separate title | ITALIANO |
| 999 ## - SYSTEM CONTROL NUMBERS (KOHA) | |
| Koha Dewey Subclass [OBSOLETE] | SI |
| 100 ## - MAIN ENTRY--PERSONAL NAME | |
| Personal name | Becque Henry |
| 100 ## - MAIN ENTRY--PERSONAL NAME | |
| Miscellaneous information | Codice Aut. SPICS: 9407 |
| 245 ## - TITLE STATEMENT | |
| Title | Teatro e polemiche (2 volumi) |
| 245 ## - TITLE STATEMENT | |
| Remainder of title | Teatro e polemiche (2 Volumi) |
| 250 ## - EDITION STATEMENT | |
| Edition statement | 1a ed. |
| 260 ## - PUBLICATION, DISTRIBUTION, ETC. (IMPRINT) | |
| Place of publication, distribution, etc. | ROMA |
| 260 ## - PUBLICATION, DISTRIBUTION, ETC. (IMPRINT) | |
| Name of publisher, distributor, etc. | Bulzoni |
| 260 ## - PUBLICATION, DISTRIBUTION, ETC. (IMPRINT) | |
| Date of publication, distribution, etc. | 1967 [1° Ed.:1967 - Ed.Ling.Originale:1967] |
| 300 ## - PHYSICAL DESCRIPTION | |
| Extent | "666 p. (prefazione: no ; testo: 666)" |
| 500 ## - GENERAL NOTE | |
| General note | 1. I corvi (Commedia in Quattro Atti 1882)2. La Spola (La Navette) commedia in un Atto3. Le Donne Oneste (Commedia in un Atto 1880)4. La Parigina (Commedia in tre Atti 1885)5. Vedova (Veuve!) Atto Unico del 18976. La partenza (Le Depart) commedia in un Atto del 18977. I Pulcinella (Les Polichinelles) commedia in 5 Atti 1887 (Incompiuta)8. scritti Giornalistici contro Sarcey, Claretie ed Altri9. scritti Sul Teatrointroduzione e Note Alle commedie e scritti Sono di Adriano Magli |
| 650 ## - SUBJECT ADDED ENTRY--TOPICAL TERM | |
| Topical term or geographic name as entry element | AUTORI/OPERE DI TEATRO |
| 650 ## - SUBJECT ADDED ENTRY--TOPICAL TERM | |
| Relator term | Codice materia Spics: 8407 |
| 700 ## - ADDED ENTRY--PERSONAL NAME | |
| Personal name | Magli Adriano |
| 700 ## - ADDED ENTRY--PERSONAL NAME | |
| Miscellaneous information | Codice Aut. SPICS: 4351 |
| 942 ## - ADDED ENTRY ELEMENTS (KOHA) | |
| Koha item type | LIBRO |
| 957 ## - | |
| -- | 1 |
| 999 ## - SYSTEM CONTROL NUMBERS (KOHA) | |
| -- | 1 |
| Withdrawn status | Lost status | Damaged status | Not for loan | Home library | Current library | Date acquired | Total Checkouts | Full call number | Date last seen | Price effective from | Koha item type | Public note |
|---|---|---|---|---|---|---|---|---|---|---|---|---|
| Buone Condizioni | Not For Loan | SPICS-MEDIATECA | SPICS-MEDIATECA | 08/03/2013 | 15882 | 08/03/2013 | 08/03/2013 | LIBRO | Progressivo inserimento: 54972 / N. Volumi: 2 Copie: 1 Copia Rara: SI / data import: 1 marzo 2013 - By Epidotti, Trombetti, Vaglietti. |